Tu Turrito - Rei, Callejero Fino - Estadísticas

Estadísticas generales
  • Esta prueba ha sido intentada 30 veces
  • La puntuación promedio es 195 de 324
Estadísticas de respuestas
Letra % Correcto
a
100%
mi
100%
no
100%
No
100%
por
100%
se
100%
Cuando
80%
De
80%
de
80%
era
80%
es
80%
la
80%
La
80%
lo
80%
o
80%
que
80%
Que
80%
Si
80%
si
80%
so
80%
te
80%
Te
80%
tu
80%
turrito
80%
Y
80%
y
80%
yo
80%
Yo
80%
acuerdo
60%
amo
60%
amor
60%
cruzo
60%
dibujé
60%
Diciendo
60%
diciendo
60%
divina
60%
el
60%
El
60%
en
60%
En
60%
esquina
60%
grito
60%
hacé
60%
iba
60%
iniciale
60%
las
60%
los
60%
mami
60%
más
60%
me
60%
mente
60%
mujer
60%
pared
60%
Pero
60%
quién
60%
saber
60%
sale
60%
sea
60%
tus
60%
un
60%
una
60%
ah
40%
ahora
40%
Ahora
40%
al
40%
cada
40%
cancione
40%
comienzo
40%
dejaste
40%
desde
40%
día
40%
digo
40%
empezamo
40%
enrolo
40%
escribo
40%
hay
40%
iniciales
40%
inmenso
40%
intenso
40%
junto
40%
mío
40%
motivo
40%
nombre
40%
pienso
40%
poquito
40%
porque
40%
sales
40%
sería
40%
solo
40%
son
40%
soy
40%
tan
40%
ya
40%
como
20%
con
20%
corazón
20%
este
20%
hago
20%
tengo
20%
tóxico
20%
Vo
20%
vo
20%
40
0%
ajuste
0%
botine
0%
CF
0%
clásico
0%
corta
0%
decime
0%
dimensione
0%
escribiendo
0%
esto
0%
estoy
0%
inspiración
0%
Kendo
0%
pide
0%
puro
0%
quiera
0%
recuerdo
0%
renglone
0%
rima
0%
sigue
0%
Somos
0%
0%
tuviеra
0%
Vos
0%
No se encontraron pruebas coincidentes
Distribución de puntuación
Porcentaje de gente con cada puntuación
Porcentaje por número respondido
Historial de tus puntuaciones
No has intentado esta prueba.